000 01417cam a22003377a 4500
001 15979844
005 20100820130619.0
008 091110s2009 caua 001 0 eng
020 _a9788184047332
020 _a0596521472 (pbk.)
035 _a(OCoLC)ocn259266479
040 _aUKM
_cUKM
_dBTCTA
_dYDXCP
_dBWX
_dC#P
_dCDX
_dDAC
_dDLC
082 0 4 _a005.276
_222
_bAND
245 0 0 _aAndroid Application Development /
_cRick Rogers ... [et al.].
250 _a1st ed.
260 _aSebastopol, Calif. :
_bO'Reilly,
_cc2001.
300 _axiii, 318 p. :
_bill. ;
_c24 cm.
500 _aIncludes index.
500 _a"Programming with the Google SDK"--Cover.
504 _aIncludes bibliographical references and index.
630 0 0 _aAndroid (Electronic resource)
_929272
650 0 _aApplication software
_xDevelopment.
_929273
650 0 _aOpen source software.
_929274
650 0 _aMobile computing.
_929275
653 _bCS
_cMarch2012
700 1 _aRogers, Rick.
_929276
942 _2ddc
_cBB
999 _c16558
_d16558